000
00326nam a2200145Ia 4500
003
OSt
005
20240106144937.0
008
170524s9999 xx 000 0 und d
020
_a
007615632
040
_c
IIMT UNIVERSITY
100
_a
Cascio
245
0
_a
MANAGING HUMAN RESOURSE
260
_a
New Delhi TMH
942
_2
ddc
_c
02
999
_c
3040
_d
3040